000 01426nam a22004217a 4500
003 CHAP
005 20220817044256.0
008 090618s2007 it ab rn 00010 eng d
010 _a96394
011 _a97366
020 _a9789251058015
035 _a108032
040 _cCHAP
082 0 4 _a639.2
_bF3y v.498
110 2 _aFAO
245 1 0 _aCage aquaculture :
_bRegional reviews and global overview
_c/ed. by Matthias Halwart, Doris Soto y J. Richard Arthur
260 _aRome :
_bFAO,
_c2007
300 _axi, 241 p. :
_bilus., gráfs., mapas
490 0 _aDocumento técnico de pesca
_v; 498
590 _aBATCH-UPD
_b10
_c20130110
_lUCH01
_h1415
590 _aBATCH-UPD
_b10
_c20130410
_lUCH01
_h0900
590 _aBATCH-UPD
_b10
_c20130914
_lUCH01
_h0414
590 _aCONVERSION
_b10
_c20130109
_lUCH01
_h1353
650 1 4 _aAcuicultura.
_9758
650 1 4 _aCultivo en jaulas.
_930219
650 1 4 _aDesarrollo pesquero.
_932064
650 1 4 _aImpacto ambiental.
_957465
650 1 4 _aPeces de agua dulce.
_986461
650 1 4 _aPesca continental.
_987434
650 1 4 _aPesca marina.
_987438
700 0 _aArthur, James Richard
_e, ed.
_97766
700 1 _aHalwart, Matthias
_e, ed.
_952401
700 1 _aSoto, Doris
_e, ed.
_9108929
830 0 0 _aDocumento técnico de pesca
_v; 498
_933242
901 _aBK
942 _cLIBRO
949 _a639.2 F3y v.498
_bBC
_cFAO
_d33724002087769
_eFAO1
_gDonaciØn
_h110702
_i108032
_sb
999 _c96394
_d96394